[Event "PHI-ch (Women)"]
[Site "Malolos City"]
[Date "2024.03.18"]
[Round "3"]
[White "San Diego, Marie Antoinette"]
[Black "Mejia, Cherry Ann"]
[Result "0-1"]
[WhiteElo "2060"]
[BlackElo "1951"]
[PlyCount "148"]
[EventDate "2024.03.17"]
[EventType "tourn"]
[EventRounds "11"]
[EventCountry "PHI"]
[SourceTitle "CB13_2024"]
[SourceDate "2024.03.27"]
[SourceVersion "1"]
[SourceVersionDate "2024.03.27"]
[SourceQuality "1"]

1. e4 c5 2. Nc3 a6 3. a4 Nc6 4. g3 e6 5. Bg2 Nf6 6. f4 d5 7. e5 Ng8 8. d3 h5 9. Nf3 Nh6 10. 0-0 Nf5 11. Ne2 g6 12. h3 Be7 13. Kh2 Bd7 14. Bd2 Rc8 15. c3 Qc7 16. d4 c4 17. Rh1 Na5 18. Nc1 Rb8 19. Qe1 Bc6 20. Kg1 b5 21. g4 Ng7 22. axb5 Rxb5 23. Ra2 Qb6 24. Ne2 Rxb2 25. Rxb2 Qxb2 26. Kf2 Nb3 27. Qb1 Qxb1 28. Rxb1 a5 29. Nc1 a4 30. Na2 Kd7 31. Be3 a3 32. Ne1 Bh4+ 33. Kf1 Rb8 34. Nf3 Be7 35. Kf2 Kc7 36. Ng5 Bxg5 37. fxg5 Ba4 38. Bf3 hxg4 39. Bxg4 Nc5 40. Ra1 Rb2+ 41. Kg3 Nb3 42. Rf1 Rxa2 43. Rxf7+ Kd8 44. Rxg7 Rg2+ 45. Kxg2 a2 46. Rxg6 a1Q 47. Rg8+ Kc7 48. g6 Qxc3 49. g7 Qxe3 50. Rc8+ Kxc8 51. g8Q+ Kc7 52. Qf7+ Kb6 53. Qxe6+ Bc6 54. Qd6 Qxd4 55. Qb4+ Bb5 56. Qd6+ Ka5 57. e6 Qd2+ 58. Kg3 Qe3+ 59. Kh4 Qc5 60. Qd8+ Kb4 61. e7 c3 62. Bd7 c2 63. e8Q c1Q 64. Qde7 Qf4+ 65. Kh5 Qf3+ 66. Kh4 Bxd7 67. Q8xd7 Qxe7+ 68. Qxe7+ Kc3 69. Qe1+ Kc4 70. Qe6 Qe4+ 71. Qg4 Qxg4+ 72. hxg4 Nd4 73. Kg5 Ne6+ 74. Kf5 Nf8 0-1

[Event "Titled Tuesday intern op 14th Nov Early"]
[Site "Chess.com INT"]
[Date "2023.11.14"]
[Round "10"]
[White "Mejia, Cherry Ann"]
[Black "Ghosh, Chanchal Kumer"]
[Result "0-1"]
[WhiteElo "1918"]
[BlackElo "2026"]
[PlyCount "48"]
[EventDate "2023.11.14"]
[EventType "swiss (blitz)"]
[EventRounds "11"]
[EventCountry "USA"]
[SourceTitle "CB47_2023"]
[SourceDate "2023.11.22"]
[SourceVersion "1"]
[SourceVersionDate "2023.11.22"]
[SourceQuality "1"]

1. e4 c6 2. d4 d5 3. Nd2 dxe4 4. Nxe4 Bf5 5. Ng3 Bg6 6. Nf3 h6 7. h4 e6 8. h5 Bh7 9. Bd3 Bxd3 10. Qxd3 Nf6 11. Bd2 Nbd7 12. 0-0-0 Be7 13. Ne4 Qc7 14. Kb1 0-0-0 15. c4 e5 16. Nxf6 Bxf6 17. d5 Kb8 18. d6 Qb6 19. Bc3 e4 20. Bxf6 exd3 21. Bxd8 Rxd8 22. Rxd3 Qxf2 23. Re1 Qxg2 24. Rb3 Nc5 0-1

[Event "Titled Tuesday intern op 26th Sep Early"]
[Site "Chess.com INT"]
[Date "2023.09.26"]
[Round "1"]
[White "Mejia, Cherry Ann"]
[Black "Agibileg, Uurtsaikh"]
[Result "0-1"]
[WhiteElo "1918"]
[BlackElo "2441"]
[PlyCount "58"]
[EventDate "2023.09.26"]
[EventType "swiss (blitz)"]
[EventRounds "11"]
[EventCountry "USA"]
[SourceTitle "EXT 2024"]
[Source "ChessBase"]
[SourceDate "2023.10.10"]
[SourceVersion "1"]
[SourceVersionDate "2023.10.10"]
[SourceQuality "1"]

1. e4 e5 2. Nf3 Nc6 3. Bb5 a6 4. Ba4 Nf6 5. Qe2 Be7 6. c3 b5 7. Bb3 0-0 8. 0-0 d5 9. d3 Bg4 10. Rd1 d4 11. Nbd2 a5 12. a4 b4 13. c4 Nd7 14. Nf1 Nc5 15. Bc2 b3 16. Bb1 f5 17. exf5 Rxf5 18. N1d2 Rf7 19. h3 Bh5 20. g4 Bg6 21. Nxe5 Nxe5 22. Qxe5 Bd6 23. Qd5 Rb8 24. Nf1 Qh4 25. Qg2 Rbf8 26. Ng3 Rxf2 27. Qd5+ Kh8 28. Nf5 R8xf5 29. gxf5 Qg3+ 0-1

[Event "Titled Tuesday intern op 25th Jul Early"]
[Site "Chess.com INT"]
[Date "2023.07.25"]
[Round "2"]
[White "Altman, Joshua"]
[Black "Mejia, Cherry Ann"]
[Result "1/2-1/2"]
[WhiteElo "2163"]
[BlackElo "1919"]
[PlyCount "148"]
[EventDate "2023.07.25"]
[EventType "swiss (blitz)"]
[EventRounds "11"]
[EventCountry "USA"]
[SourceTitle "EXT 2024"]
[Source "ChessBase"]
[SourceDate "2023.10.10"]
[SourceVersion "1"]
[SourceVersionDate "2023.10.10"]
[SourceQuality "1"]

1. Nf3 d5 2. c4 dxc4 3. e3 Nf6 4. Bxc4 c5 5. 0-0 e6 6. b3 a6 7. Bb2 b5 8. Be2 Bb7 9. d4 Nbd7 10. a4 b4 11. Nbd2 Be7 12. Rc1 cxd4 13. Nxd4 0-0 14. Bf3 Bxf3 15. N2xf3 Nc5 16. Nc6 Qe8 17. Nxe7+ Qxe7 18. Qc2 Nce4 19. h3 h6 20. Nd4 Rac8 21. Qe2 Nd5 22. Qxa6 Ndc3 23. Bxc3 Nxc3 24. Rc2 Ra8 25. Qc4 Rfc8 26. Qd3 Rd8 27. Qc4 Rdc8 28. Qd3 Rd8 29. f4 Rac8 30. Rfc1 e5 31. fxe5 Qxe5 32. Kh1 Qg3 33. Rf1 Qe5 34. Rcf2 Rc7 35. Qf5 Qxf5 36. Nxf5 Rcd7 37. Nd4 Ne4 38. Rf4 Nd2 39. R1f2 Nb1 40. Rb2 Nc3 41. Rbf2 Nd1 42. R2f3 Nxe3 43. Rxe3 Rxd4 44. Rxd4 Rxd4 45. Re8+ Kh7 46. Rb8 Kg6 47. Rb5 f5 48. a5 Kg5 49. a6 Rd1+ 50. Kh2 Ra1 51. Rb6 Ra3 52. Rxb4 Rxa6 53. Rb7 g6 54. b4 Kf4 55. b5 Ra2 56. Rg7 g5 57. b6 Rb2 58. b7 Ke5 59. Rh7 Kf4 60. Rf7 Ke5 61. Re7+ Kf6 62. Rc7 f4 63. Rc6+ Kf5 64. Rc7 Ke4 65. Re7+ Kf5 66. Rf7+ Kg6 67. Rc7 Kf5 68. Rf7+ Kg6 69. Rc7 h5 70. Rc6+ Kf5 71. Rc5+ Kf6 72. Rc6+ Kf5 73. Rc5+ Kg6 74. Rc6+ Kf5 1/2-1/2

[Event "Titled Tuesday intern op 25th Jul Early"]
[Site "Chess.com INT"]
[Date "2023.07.25"]
[Round "3"]
[White "Mejia, Cherry Ann"]
[Black "Nasuta, Grzegorz"]
[Result "1-0"]
[WhiteElo "1919"]
[BlackElo "2552"]
[PlyCount "67"]
[EventDate "2023.07.25"]
[EventType "swiss (blitz)"]
[EventRounds "11"]
[EventCountry "USA"]
[SourceTitle "EXT 2024"]
[Source "ChessBase"]
[SourceDate "2023.10.10"]
[SourceVersion "1"]
[SourceVersionDate "2023.10.10"]
[SourceQuality "1"]

1. e4 c5 2. Nc3 a6 3. g3 b5 4. Bg2 Bb7 5. d3 e6 6. Nge2 d6 7. 0-0 Nd7 8. Be3 Ngf6 9. h3 Qc7 10. f4 Be7 11. g4 h6 12. Ng3 0-0-0 13. g5 Ne8 14. h4 hxg5 15. hxg5 d5 16. exd5 b4 17. dxe6 bxc3 18. exd7+ Rxd7 19. bxc3 Bxg5 20. Bxb7+ Kxb7 21. Qf3+ Ka7 22. fxg5 Nd6 23. Bf4 Qd8 24. Rab1 Nb5 25. Ne4 Qc8 26. a4 Na3 27. Rb2 Qc6 28. Nxc5 Qxf3 29. Rxf3 Rd5 30. c4 Rxc5 31. Be3 Rhc8 32. Rxf7+ Ka8 33. Bxc5 Rxc5 34. Rxg7 1-0

[Event "Titled Tuesday intern op 18th Jul Early"]
[Site "Chess.com INT"]
[Date "2023.07.18"]
[Round "9"]
[White "Mejia, Cherry Ann"]
[Black "Ansh, M Shah"]
[Result "0-1"]
[WhiteElo "1919"]
[BlackElo "2173"]
[PlyCount "96"]
[EventDate "2023.07.18"]
[EventType "swiss (blitz)"]
[EventRounds "11"]
[EventCountry "USA"]
[SourceTitle "EXT 2024"]
[Source "ChessBase"]
[SourceDate "2023.10.10"]
[SourceVersion "1"]
[SourceVersionDate "2023.10.10"]
[SourceQuality "1"]

1. e4 g6 2. Nc3 Bg7 3. d4 d6 4. Nf3 Nf6 5. h3 0-0 6. Be3 Nc6 7. Bc4 e5 8. Qd2 a6 9. a4 Re8 10. dxe5 Nxe5 11. Nxe5 Rxe5 12. f3 Be6 13. Bxe6 Rxe6 14. 0-0 Nh5 15. Bg5 Qd7 16. Nd5 Rae8 17. Nf4 Nxf4 18. Bxf4 Bxb2 19. Rab1 Be5 20. Rxb7 Qc6 21. Rfb1 Bxf4 22. Qxf4 Qxc2 23. Rc1 Qxa4 24. Rcxc7 Qd4+ 25. Kh1 Rf6 26. Qg4 Qe5 27. Qd7 Rf8 28. Ra7 a5 29. Qa4 Qg3 30. Rxa5 d5 31. Raa7 dxe4 32. Qxe4 Rd8 33. Rd7 Rxd7 34. Rxd7 Re6 35. Rd8+ Kg7 36. Qd4+ Kh6 37. Qd2+ g5 38. Rd7 Re1+ 39. Qxe1 Qxe1+ 40. Kh2 Qe5+ 41. Kh1 Kg7 42. Rd1 h6 43. Kg1 Qe3+ 44. Kh2 Kg6 45. Rf1 Kf5 46. Rb1 f6 47. Rb5+ Kg6 48. Rb1 h5 0-1

[Event "Titled Tuesday intern op 11th Jul Early"]
[Site "Chess.com INT"]
[Date "2023.07.11"]
[Round "7"]
[White "Jaskolka, Tomasz"]
[Black "Mejia, Cherry Ann"]
[Result "0-1"]
[WhiteElo "2238"]
[BlackElo "1919"]
[PlyCount "142"]
[EventDate "2023.07.11"]
[EventType "swiss (blitz)"]
[EventRounds "11"]
[EventCountry "USA"]
[SourceTitle "EXT 2024"]
[Source "ChessBase"]
[SourceDate "2023.10.10"]
[SourceVersion "1"]
[SourceVersionDate "2023.10.10"]
[SourceQuality "1"]

1. d4 d5 2. Nc3 Nf6 3. Bf4 a6 4. e3 c5 5. dxc5 Nc6 6. Nf3 Bg4 7. Be2 e6 8. Na4 Bxc5 9. Nxc5 Qa5+ 10. c3 Qxc5 11. 0-0 0-0 12. Ne5 Bxe2 13. Qxe2 Rac8 14. Rac1 b5 15. Rfd1 Rfd8 16. Qf3 Ne4 17. Nxf7 Rf8 18. Nh6+ gxh6 19. Qg4+ Kh8 20. Qxe6 Rce8 21. Qxh6 Rf6 22. Qh5 Rd8 23. Rc2 b4 24. Rdc1 bxc3 25. bxc3 Rdf8 26. c4 d4 27. Qxc5 Nxc5 28. exd4 Nd3 29. Bg5 Rf5 30. Bh6 R8f6 31. Be3 Nxc1 32. Rxc1 Ra5 33. Rc2 Nb4 34. Re2 Rxa2 35. Re1 Nd3 36. Rd1 Nb2 37. Rb1 Nxc4 38. d5 Nxe3 39. fxe3 Rff2 40. Rb8+ Kg7 41. Rb7+ Kg6 42. d6 Rxg2+ 43. Kf1 Rxh2 44. Kg1 Rhd2 45. Rb1 Rxd6 46. e4 Re6 47. Re1 Ra4 48. e5 Ra5 49. Kh2 Raxe5 50. Rg1+ Rg5 51. Ra1 a5 52. Kh3 Re4 53. Ra3 a4 54. Ra2 Rb4 55. Re2 Kh5 56. Ra2 Rb3+ 57. Kh2 a3 58. Rd2 Rb2 59. Kh1 Rb1+ 60. Kh2 Rgb5 61. Kh3 R5b3+ 62. Kg2 R1b2 63. Rxb2 Rxb2+ 64. Kf3 a2 65. Ke4 a1Q 66. Kf3 Qa3+ 67. Ke4 Rb4+ 68. Kd5 Qa5+ 69. Kc6 Rb6+ 70. Kd7 Qa7+ 71. Kc8 Rb8# 0-1

[Event "Titled Tuesday intern op 13th Jun Early"]
[Site "Chess.com INT"]
[Date "2023.06.13"]
[Round "2"]
[White "Mejia, Cherry Ann"]
[Black "Peycheva, Gergana"]
[Result "1-0"]
[WhiteElo "1935"]
[BlackElo "2218"]
[PlyCount "57"]
[EventDate "2023.06.13"]
[EventType "swiss (blitz)"]
[EventRounds "11"]
[EventCountry "USA"]
[SourceTitle "EXT 2024"]
[Source "ChessBase"]
[SourceDate "2023.10.10"]
[SourceVersion "1"]
[SourceVersionDate "2023.10.10"]
[SourceQuality "1"]

1. e4 c5 2. Nc3 Nc6 3. g3 g6 4. Bg2 Bg7 5. d3 Nf6 6. h3 d6 7. Be3 Rb8 8. Qd2 h6 9. Nge2 b5 10. 0-0 b4 11. Nd1 Bb7 12. f4 Nd7 13. g4 Nd4 14. Ng3 Qc7 15. c3 bxc3 16. bxc3 Nc6 17. Nb2 0-0 18. f5 g5 19. Nh5 Bf6 20. h4 Nce5 21. hxg5 hxg5 22. Bxg5 Bh8 23. Bxe7 Rfe8 24. Qg5+ Kh7 25. f6 Ng6 26. Nc4 Nde5 27. Nxe5 dxe5 28. Rf3 Rxe7 29. fxe7 1-0

[Event "Titled Tuesday intern op 06th Jun Early"]
[Site "Chess.com INT"]
[Date "2023.06.06"]
[Round "10"]
[White "Mejia, Cherry Ann"]
[Black "Bruedigam, Martin"]
[Result "1/2-1/2"]
[WhiteElo "1935"]
[BlackElo "2379"]
[PlyCount "135"]
[EventDate "2023.06.06"]
[EventType "swiss (blitz)"]
[EventRounds "11"]
[EventCountry "USA"]
[SourceTitle "EXT 2024"]
[Source "ChessBase"]
[SourceDate "2023.10.10"]
[SourceVersion "1"]
[SourceVersionDate "2023.10.10"]
[SourceQuality "1"]

1. e4 c6 2. d4 d5 3. Nd2 dxe4 4. Nxe4 Bf5 5. Ng3 Bg6 6. Nf3 Nd7 7. h4 h6 8. h5 Bh7 9. Bd3 Bxd3 10. Qxd3 e6 11. Bd2 Ngf6 12. 0-0-0 Be7 13. Ne4 Nxe4 14. Qxe4 Nf6 15. Qe2 Qd5 16. c4 Qe4 17. Qxe4 Nxe4 18. Be3 f5 19. Ne5 Bg5 20. f4 Bf6 21. g4 0-0-0 22. Nf7 Rhf8 23. Nxd8 Kxd8 24. d5 exd5 25. cxd5 c5 26. d6 Kd7 27. Rd5 b6 28. Rxf5 Ng3 29. Rxf6 Rxf6 30. Re1 Kxd6 31. Bf2 Nf5 32. gxf5 Rxf5 33. Bg3 Rxh5 34. Re8 Rh3 35. Be1 g5 36. fxg5 hxg5 37. Rg8 Rh5 38. Bd2 Kc6 39. Bxg5 Kb5 40. Bd2 a5 41. Rg6 a4 42. a3 Rd5 43. Kc2 Rf5 44. Rg3 Rf2 45. Kd3 Rf5 46. Be3 Rf6 47. Kc3 Rd6 48. Rg4 Re6 49. Bd2 Rd6 50. Kc2 Re6 51. Bc3 Rd6 52. b3 axb3+ 53. Kxb3 Ka6 54. Rg8 Rh6 55. Ra8+ Kb7 56. Rg8 Rh4 57. a4 Re4 58. Rg6 Rf4 59. Be5 Rb4+ 60. Ka3 Re4 61. Bg3 Re3+ 62. Kb2 Re4 63. Kb3 Re3+ 64. Kc4 Re4+ 65. Kb3 Re3+ 66. Kb2 Re2+ 67. Kc3 Re3+ 68. Kb2 1/2-1/2

[Event "Titled Tuesday intern op 06th Jun Early"]
[Site "Chess.com INT"]
[Date "2023.06.06"]
[Round "2"]
[White "Mendez Fortes, Eduardo Jesus"]
[Black "Mejia, Cherry Ann"]
[Result "1-0"]
[WhiteElo "2231"]
[BlackElo "1935"]
[PlyCount "163"]
[EventDate "2023.06.06"]
[EventType "swiss (blitz)"]
[EventRounds "11"]
[EventCountry "USA"]
[SourceTitle "EXT 2024"]
[Source "ChessBase"]
[SourceDate "2023.10.10"]
[SourceVersion "1"]
[SourceVersionDate "2023.10.10"]
[SourceQuality "1"]

1. e4 c5 2. Nf3 Nc6 3. d4 cxd4 4. Nxd4 Qb6 5. Nb3 Nf6 6. Nc3 e6 7. Qe2 d6 8. Be3 Qc7 9. g4 Be7 10. g5 Nd7 11. 0-0-0 a6 12. f4 b5 13. f5 Nde5 14. Qg2 Bb7 15. f6 gxf6 16. gxf6 Bxf6 17. Bxb5 0-0-0 18. Qf1 Ng4 19. Bxc6 Qxc6 20. Bd4 Bg5+ 21. Kb1 Rhe8 22. Na5 Qc7 23. Nxb7 Qxb7 24. Rg1 Ne3 25. Bxe3 Bxe3 26. Rg3 Bc5 27. Na4 Qb5 28. Nxc5 Qxf1 29. Rxf1 dxc5 30. Kc1 Rd7 31. Rc3 Rc7 32. e5 Rd8 33. Rcf3 Rd5 34. Rxf7 Rxe5 35. Rxc7+ Kxc7 36. Rf7+ Kb6 37. Rxh7 Re2 38. b3 e5 39. Kb2 e4 40. Kc3 Rg2 41. Re7 Rxh2 42. Rxe4 Kc6 43. Rg4 Kb6 44. Kb2 Kc6 45. a4 Kb6 46. Rc4 Rh6 47. Kc3 Rh3+ 48. Kd2 Rh2+ 49. Kc1 Rh5 50. Kb2 a5 51. Rg4 Rh6 52. Kc3 Kc6 53. Kc4 Kb6 54. Kd5 Rh5+ 55. Ke6 Rh6+ 56. Kf5 Rh5+ 57. Kg6 Rh2 58. Rc4 Rg2+ 59. Kf5 Rf2+ 60. Ke4 Rh2 61. Kd3 Rh3+ 62. Kd2 Rh2+ 63. Kc1 Rh5 64. Rf4 Rh6 65. Kb2 Kc6 66. Rf8 Kb6 67. Rb8+ Kc6 68. Rb5 Rh4 69. Rxa5 Rh3 70. Rb5 Rh4 71. Rb8 Kc7 72. Rg8 Kc6 73. Rg6+ Kd5 74. a5 Rb4 75. Ka3 Rb8 76. c3 c4 77. b4 Ke4 78. Ka4 Kd3 79. Rg3+ Kc2 80. b5 Rb7 81. a6 Rb8 82. Ka5 1-0

[Event "Titled Tuesday intern op 31st Jan Early"]
[Site "Chess.com INT"]
[Date "2023.01.31"]
[Round "6"]
[White "Mejia, Cherry Ann"]
[Black "Novosel, Lovro"]
[Result "1-0"]
[WhiteElo "1935"]
[BlackElo "2331"]
[PlyCount "79"]
[EventDate "2023.01.31"]
[EventType "swiss (blitz)"]
[EventRounds "11"]
[EventCountry "USA"]
[SourceTitle "CBM 212 Extra"]
[Source "ChessBase"]
[SourceDate "2023.03.31"]
[SourceVersion "1"]
[SourceVersionDate "2023.03.31"]
[SourceQuality "1"]

1. e4 c5 2. Nc3 a6 3. g3 b5 4. Bg2 Bb7 5. Nge2 e6 6. 0-0 b4 7. Nb1 d5 8. exd5 Bxd5 9. d4 Nf6 10. c4 Bxg2 11. Kxg2 Nc6 12. dxc5 Bxc5 13. Bg5 Be7 14. Qc2 Qc7 15. Nd2 h6 16. Bxf6 Bxf6 17. Nf3 0-0 18. Rad1 Rfd8 19. Qe4 a5 20. b3 g6 21. h4 h5 22. Ned4 Nxd4 23. Nxd4 Bxd4 24. Rxd4 Rxd4 25. Qxa8+ Kg7 26. Rc1 Rd2 27. c5 Rxa2 28. Qe4 a4 29. bxa4 b3 30. c6 Qb6 31. Qe5+ f6 32. Qf4 b2 33. Rb1 Qxc6+ 34. Qf3 Qb6 35. Qc3 e5 36. a5 Rxa5 37. Rxb2 Qa6 38. Qc7+ Kh6 39. Rb7 g5 40. Qh7# 1-0